Responses for Show #544 - Thursday, January 8, 1987

Keith Bell game 5.

Contestants

[<< previous game]

Judi Greenberg, a housewife from Northbrook, Illinois

Chris Desser, an attorney from Santa Monica, California

Keith Bell, a personnel specialist from Alexandria, Virginia (whose 4-day cash winnings total $37,051)

[next game >>]

Jeopardy! Round responses

1986 FILMS
LONDON
DOUBLE TALK
POTENT POTABLES
THE 20TH CENTURY
[The "TH" was uppercase & the same size as the 20.]
ODDS & ENDS
    $100 12
Howard the Duck

Chris
    $100 1
subway

Keith
    $100 24
dik-dik

Chris
    $100 6
bourbon

Keith
    $100 8
atomic bomb

Keith
    $100 17
wings

Keith
    $200 13
Tom Cruise

Judi
    $200 2
pubs

Judi
    $200 25
Sen-Sen

Keith
    $200 7
malt liquors

Judi
    $200 9
molasses

Triple Stumper
    $200 18
(Alex: And by the way, that is the way they spell Carrousel at [*] with the 2 "R"s.)

Disneyland

Keith
    $300 14
(Keith: The New Beginning, What is The New Beginning?)

Jason Lives

Keith
Triple Stumper
    $300 3
Romans

Judi
    $300 27
[Chris looked puzzled.]
(Alex: Chris?)
(Chris: Could you repeat the clue, please?)
(Alex: Oh...)
[Alex reread it quickly.]
(Chris: Who is Shirley?)
(Alex: You'd have to say Shirley Shirley to be consistent with the category.)
[The song was played going into the break.]

Dee Dee Sharp

Chris
    $300 11
kosher wine

Chris
    $300 10
(Keith: What is World War I?)

1918

Keith
Triple Stumper
    $300 19
(Chris: What are berries?)
(Alex: Be more specific.)
[Chris shook her head no and said nothing.]
(Alex: I want you to identify them for me.)
(Chris: Um, what are raspberries?)

loganberries & boysenberries

KeithChris
    $400 21
snakes

Chris
    $400 4
(Keith: Uh, where is, uh, Telegraph? No.)

Fleet Street

Keith
Triple Stumper
    $400 15
(Chris: What is the Panama Canal?)

Saint Lawrence Seaway

ChrisJudi
    $400 20
[Laughter.]

inaugural gown

Chris
    $500 22
Tom Hanks & Jackie Gleason

Chris
    $500 5
The Old Curiosity Shop

Keith
    $500 26
(Keith: What is gin?)

vodka

KeithChris
    $500 16
(Alfred) Dreyfus

Keith
    $500 23
dance

Judi

Scores at the first commercial break (after clue 12):

Keith Chris Judi
$100 $400 $700

Scores at the end of the Jeopardy! Round:

Keith Chris Judi
$600 $1,300 $1,800

Double Jeopardy! Round responses

AMERICAN POETRY
MUSIC MEN
BASEBALL GREATS
ROMAN EMPERORS
IN THE NEWS
"FRENCH" PHRASES
    $200 1
George M. Cohan

Judi
    $200 2
Babe Ruth

Keith
    $200 6
Statue of Liberty

Keith
    $200 11
French fries

Judi
    $400 3
(Judi: What is a horn?)

Honda motor scooter

Judi
Triple Stumper
    $400 12
(Judi: Who is Ted Williams?)

Ty Cobb

Judi
Triple Stumper
    $400 7
(Keith: What is 3?)
(Judi: What is 4?)

5

KeithJudi
Triple Stumper
    $400 17
(Judi: What is a foyer?)

French doors

Judi
Triple Stumper
    $1,000 4
Angie Dickinson

Keith
    $600 13
Home Run

Judi
    $600 8
(Chris: Who is Captain Video?)

Captain Midnight

Chris
Triple Stumper
    $600 18
French dressing

Keith
    $800 5
(Keith: Uh, who is Ira Gershwin?)
(Judi: Who is Frederick Loewe?)

Alan Jay Lerner

KeithJudi
Triple Stumper
    $800 14
Cleveland Indians

Judi
    $500 21
[The end-of-round signal sounds.]

Constantine

Keith
    $800 9
caning (corporal punishment)

Keith
    $1000 16
(Alex: We've got about a minute to go in the round, Judi.)

Robert Merrill

Triple Stumper
    $1000 15
[Applause.]

Rogers Hornsby

Judi
    $1000 19
Augustus

Keith
    $1000 10
(Keith: What is Neptune?)

Titanic

Keith
Triple Stumper
    $1000 20
(Chris: What is a French cuff?)

French seam

Chris
Triple Stumper

Scores at the end of the Double Jeopardy! Round:

Keith Chris Judi
$2,700 -$300 $2,200

[wagering suggestions for these scores]

Final Jeopardy! Round responses

NOBEL PRIZE
JudiWho were Woodrow Wilson & Teddy Roosevelt?
$2,199
KeithWho were Roosevelt and Wilson?
$2,201
Theodore Roosevelt & Woodrow Wilson

Final scores:

Keith Chris Judi
$4,901 -$300 $4,399
5-day champion: $41,952 3rd place: Tappan electric range 2nd place: trip on Eastern to Caribbean & stay at Xanadu Resort

Game dynamics:

Coryat scores:

Keith Chris Judi
$2,600 $0 $2,200
16 R
(including 2 DDs),
7 W
7 R,
5 W
(including 1 DD)
11 R,
5 W

Combined Coryat: $4,800

[game clues] [game scores] [suggest correction]

Game tape date: 1986-10-08
The J! Archive is created by fans, for fans. Scraping, republication, monetization, and malicious use prohibited; this site may use cookies and collect identifying information. See terms. The Jeopardy! game show and all elements thereof, including but not limited to copyright and trademark thereto, are the property of Jeopardy Productions, Inc. and are protected under law. This website is not affiliated with, sponsored by, or operated by Jeopardy Productions, Inc. Join the discussion at JBoard.tv.